| 000 | 00477nam a2200133Ia 4500 | ||
|---|---|---|---|
| 001 | 3799 | ||
| 008 | 241024s9999 xx 000 0 und d | ||
| 082 | _aRD/070/R427r | ||
| 100 | _aRepública Dominicana. Ministerio de Educación. Radio Educativa Dominicana | ||
| 245 | 0 | _aReunión evaluar la remodelación del edifico que aloja radio y televisión educativa dominicana | |
| 260 |
_bSanto Domingo, República Dominicana _c2014 |
||
| 901 | _a10/7/2014 11:51:28 a.m. | ||
| 999 |
_c9964 _d9964 |
||